[Event "Najdorf Mem Open A 2014"]
[Site "Warsaw POL"]
[Date "2014.07.15"]
[Round "2.25"]
[White "Korchmar, Vasiliy"]
[Black "Mu, Ke"]
[Result "0-1"]
[WhiteTitle "FM"]
[WhiteElo "2352"]
[BlackElo "2409"]
[WhiteFideId "24131750"]
[BlackFideId "8602778"]
[EventDate "2014.07.14"]

1. d4 Nf6 2. c4 g6 3. Nc3 d5 4. cxd5 Nxd5 5. Bd2 Bg7 6. e4 Nxc3 7. Bxc3 O-O 8.
Nf3 Bg4 9. Be2 c5 10. d5 e6 11. O-O exd5 12. exd5 Nd7 13. Bxg7 Kxg7 14. Qb3 Qb6
15. Rfd1 Rfe8 16. Rd2 Nf6 17. h3 Qxb3 18. axb3 Bf5 19. g4 Bd7 20. Nh2 Re4 21.
Bf3 Rb4 22. Re1 Re8 23. Rxe8 Nxe8 24. Bd1 Nd6 25. Nf3 f6 26. Bc2 h5 27. gxh5
gxh5 28. Kh2 Kf7 29. Re2 Bf5 30. Bxf5 Nxf5 31. Nd2 Rd4 32. Ne4 Rxd5 33. Rc2 b6
34. Kg2 Rd4 35. Nd2 Rd3 36. Nc4 Rxb3 37. Rd2 Nd4 0-1

[Event "Najdorf Mem Open A 2014"]
[Site "Warsaw POL"]
[Date "2014.07.15"]
[Round "2.26"]
[White "Indjic, Aleksandar"]
[Black "Wisniowska, Klaudia"]
[Result "1-0"]
[WhiteTitle "GM"]
[BlackTitle "WFM"]
[WhiteElo "2542"]
[BlackElo "2186"]
[WhiteFideId "911925"]
[BlackFideId "1181238"]
[EventDate "2014.07.14"]

1. d4 Nf6 2. Nf3 g6 3. Bg5 Bg7 4. Nbd2 d6 5. e4 c6 6. Bd3 O-O 7. h3 Nbd7 8. O-O
e5 9. c3 Qc7 10. Re1 Re8 11. Bf1 Nf8 12. dxe5 dxe5 13. Qc2 Ne6 14. Be3 b6 15. a4
Nh5 16. a5 Bd7 17. Red1 c5 18. Nc4 Bc6 19. Nd6 Red8 20. Nb5 Qe7 21. a6 Nef4 22.
g3 Nxh3+ 23. Kh2 N3f4 24. Rxd8+ Rxd8 25. Rd1 Ne6 26. Rxd8+ Nxd8 27. Qd1 Bxb5 28.
Bxb5 Ne6 29. Qd7 Qxd7 30. Bxd7 Nc7 31. Bc8 Kf8 32. Nd2 Ke7 33. Nc4 f5 34. exf5
gxf5 35. Bxf5 Nxa6 36. Bxh7 Nc7 37. Bg6 Nf6 38. Nxe5 Ke6 39. Bf4 Ncd5 40. Bf7+
Kf5 41. Ng6 Nxf4 42. Nxf4 Bh6 43. Bg6+ Ke5 44. Ne2 Ng4+ 45. Kg2 b5 46. f4+ Kf6
47. Be8 b4 48. Kf3 Nh2+ 49. Ke4 Ng4 50. c4 Nf2+ 51. Kf3 Nd1 52. b3 Nc3 53. Bc6
Nb1 54. Ke3 a5 55. g4 Bf8 56. g5+ Kg7 57. f5 Bd6 58. Be4 Nc3 59. Nxc3 bxc3 60.
Kf3 Be5 61. Bd3 Bd4 62. Kf4 Kf7 63. Ke4 Ke7 64. Kd5 Be3 65. g6 Bd4 66. Kc6 1-0

[Event "Najdorf Mem Open A 2014"]
[Site "Warsaw POL"]
[Date "2014.07.15"]
[Round "2.27"]
[White "Popilski, Gil"]
[Black "Bednarek, Sylwester"]
[Result "1-0"]
[WhiteTitle "GM"]
[BlackTitle "FM"]
[WhiteElo "2500"]
[BlackElo "2311"]
[WhiteFideId "2809060"]
[BlackFideId "1101811"]
[EventDate "2014.07.14"]

1. e4 c5 2. Nf3 e6 3. d4 cxd4 4. Nxd4 Nf6 5. Nc3 d6 6. g4 a6 7. g5 Nfd7 8. Be3
b5 9. a3 Bb7 10. h4 Nb6 11. Qh5 g6 12. Qg4 N8d7 13. h5 Ne5 14. Qh3 gxh5 15. Qxh5
Ng6 16. f4 e5 17. fxe5 b4 18. axb4 dxe5 19. Ndb5 Bxb4 20. Rd1 Nd7 21. Bh3 Bc6
22. Nd6+ Bxd6 23. Rxd6 Qc7 24. Rxd7 Bxd7 25. Nd5 Qxc2 26. Nf6+ Ke7 27. Bxd7 Rad8
28. Qh3 Nf8 29. Nd5+ Kd6 30. Bf5 Qb1+ 31. Kf2 Qxb2+ 32. Kg3 Ne6 33. Rd1 Nd4 34.
Qh6+ Kc5 35. Rc1+ Qxc1 36. Qb6+ Kc4 37. Bxc1 Nxf5+ 38. Kf2 Nd6 39. Qb4+ Kd3 40.
Kf3 1-0

[Event "Najdorf Mem Open A 2014"]
[Site "Warsaw POL"]
[Date "2014.07.15"]
[Round "2.28"]
[White "Obrusnik, Michal"]
[Black "Nurkiewicz, Maciej"]
[Result "0-1"]
[WhiteElo "2306"]
[BlackElo "2392"]
[WhiteFideId "1136674"]
[BlackFideId "1107046"]
[EventDate "2014.07.14"]

1. e4 e5 2. Nf3 Nc6 3. Nc3 Nf6 4. Bb5 Bb4 5. O-O O-O 6. d3 d6 7. Bg5 Bxc3 8.
bxc3 Qe7 9. Re1 Nd8 10. d4 h6 11. Bd2 Bg4 12. h3 Bh5 13. g4 Bg6 14. Bd3 Nd7 15.
g5 Bh5 16. gxh6 Qf6 17. Be2 gxh6 18. Kh1 Ne6 19. Nh2 Bxe2 20. Qxe2 Kh7 21. Ng4
Qh4 22. Qf3 Nf4 23. Bxf4 exf4 24. Qxf4 Qxh3+ 25. Nh2 Qe6 26. Qg4 Rg8 27. Qxe6
fxe6 28. f3 Rg5 29. Rg1 Rag8 30. Rxg5 Rxg5 31. Ng4 Ra5 32. a3 h5 33. Ne3 Ra4 34.
f4 Nf6 35. e5 Ne4 36. f5 Ng3+ 37. Kh2 Nxf5 38. Nxf5 exf5 39. e6 Kg7 40. Rf1 Kf6
41. Re1 Ke7 42. Kg3 Rxa3 43. Re3 b5 0-1

[Event "Najdorf Mem Open A 2014"]
[Site "Warsaw POL"]
[Date "2014.07.15"]
[Round "2.29"]
[White "Ben Artzi, Ido"]
[Black "Adamski, Jan"]
[Result "1-0"]
[WhiteTitle "FM"]
[BlackTitle "IM"]
[WhiteElo "2392"]
[BlackElo "2293"]
[WhiteFideId "2810913"]
[BlackFideId "1100190"]
[EventDate "2014.07.14"]

1. d4 Nf6 2. c4 e6 3. Nc3 Bb4 4. e3 c5 5. Bd3 b6 6. Nf3 Bb7 7. O-O O-O 8. Bd2
cxd4 9. exd4 d5 10. cxd5 Nxd5 11. Qe2 Nc6 12. Rad1 Be7 13. Bb1 Nf6 14. Bg5 Nb4
15. Rfe1 Rc8 16. Ne5 Nfd5 17. Bd2 Bg5 18. Bxh7+ Kxh7 19. Qh5+ Bh6 20. Ne4 Rc7
21. Ng4 f6 22. Bxh6 gxh6 23. Re3 Nxe3 24. Qxh6+ Kg8 25. Ngxf6+ Rxf6 26. Nxf6+
Kf7 27. Qh7+ Kf8 28. Qg8+ Ke7 29. Qg7+ Kd6 30. Qg3+ Ke7 31. Qg7+ Kd6 32. Qg3+
Ke7 33. fxe3 Rc2 34. e4 Qh8 35. Rf1 Bxe4 36. Nxe4 Qxd4+ 37. Nf2 Nd5 38. Qa3+ Ke8
39. Qd6 Qe3 40. Qb8+ Kd7 41. Qxa7+ Kd6 42. Qb8+ Kd7 43. Qa7+ Kd6 44. Qb8+ Kd7
45. Qh8 Rd2 46. Qg7+ Kd6 47. Qf8+ Kd7 48. Qg7+ Kd6 49. g3 Ne7 50. a4 Nf5 51. Qc3
Qxc3 52. bxc3 Ra2 53. Rd1+ Ke7 54. Rb1 Ne3 55. Re1 Nc4 56. Ne4 Rxa4 57. Re2 e5
58. Kg2 b5 59. h4 Nd6 60. Nc5 Rc4 61. Rxe5+ Kf7 62. Rd5 Rxc3 63. Rxd6 Rxc5 64.
Rb6 Kg7 65. Kh3 Kh7 66. Kg4 Kg7 67. h5 Rc4+ 68. Kg5 b4 69. Rb7+ Kg8 70. g4 Rc5+
71. Kh4 Rc4 72. h6 Kh8 73. Kh5 1-0

[Event "Najdorf Mem Open A 2014"]
[Site "Warsaw POL"]
[Date "2014.07.15"]
[Round "2.30"]
[White "Vaarala, Eric"]
[Black "Klekowski, Maciej"]
[Result "1/2-1/2"]
[WhiteElo "2282"]
[BlackElo "2385"]
[WhiteFideId "1711962"]
[BlackFideId "1132717"]
[EventDate "2014.07.14"]

1. d4 Nf6 2. c4 e6 3. Nc3 d5 4. cxd5 exd5 5. Bg5 Be7 6. e3 c6 7. Bd3 Nbd7 8. Qc2
O-O 9. Nf3 Re8 10. O-O Nf8 11. Rab1 Ne4 12. Bxe7 Qxe7 13. b4 Nxc3 14. Qxc3 a6
15. a4 Bg4 16. Nd2 Qg5 17. f4 Qh5 18. Rbe1 Bf5 19. Nb3 Qg6 20. Nc5 Re7 21. Rf3
Ne6 22. Bxf5 Qxf5 23. Nxe6 Rxe6 24. Qd2 Rae8 25. Rc1 h6 26. Kf2 Qf6 27. Rc3 Qh4+
28. Kg1 f5 29. Qf2 Qe7 30. Rb3 Qd8 31. Qc2 Re4 32. b5 cxb5 33. axb5 Qd7 34. bxa6
bxa6 35. Qa2 Qc6 36. h3 R4e6 37. Ra3 Rb8 38. Ra5 Rb5 39. Rxb5 Qxb5 40. Qc2 Rf6
41. Rf1 Qe8 42. Qb3 Qe4 43. Qb8+ Kf7 44. Qe5 a5 45. Ra1 Ra6 46. Ra4 Qb1+ 1/2-1/2

[Event "Najdorf Mem Open A 2014"]
[Site "Warsaw POL"]
[Date "2014.07.15"]
[Round "2.31"]
[White "Vydeslaver, Alik"]
[Black "Arman, Deniz"]
[Result "1-0"]
[WhiteTitle "IM"]
[BlackTitle "FM"]
[WhiteElo "2384"]
[BlackElo "2272"]
[WhiteFideId "2801876"]
[BlackFideId "6302106"]
[EventDate "2014.07.14"]

1. e4 Nf6 2. e5 Nd5 3. d4 d6 4. c4 Nb6 5. exd6 exd6 6. Nc3 Be7 7. Bd3 O-O 8.
Nge2 Bg4 9. Be3 Nc6 10. b3 Bf6 11. Qd2 d5 12. c5 Nc8 13. O-O N8e7 14. h3 Bf5 15.
g4 Bxd3 16. Qxd3 Bh4 17. Nf4 Qd7 18. Ng2 Ng6 19. Qf5 Rad8 20. Rad1 Bf6 21. Qxd7
Rxd7 22. f4 Re8 23. Bf2 b6 24. g5 Be7 25. f5 Nf8 26. Rfe1 Rc8 27. h4 f6 28. gxf6
Bxf6 29. cxb6 cxb6 30. Nf4 Ne7 31. Rd3 Nxf5 32. Ncxd5 Rc2 33. Nxf6+ gxf6 34. a4
Rg7+ 35. Kf1 Rg4 36. Nd5 Kg7 37. Rf3 Nxh4 38. Re7+ Kh6 39. Be3+ Rg5 40. Rxf6+
Nfg6 41. Re5 Rg2 42. Rxg5 Rxg5 43. Rf7 1-0

[Event "Najdorf Mem Open A 2014"]
[Site "Warsaw POL"]
[Date "2014.07.15"]
[Round "2.32"]
[White "Strugnell, Carl"]
[Black "Czerwonski, Aleksander"]
[Result "1-0"]
[WhiteTitle "FM"]
[BlackTitle "IM"]
[WhiteElo "2258"]
[BlackElo "2380"]
[WhiteFideId "616753"]
[BlackFideId "1100459"]
[EventDate "2014.07.14"]

1. e4 e5 2. Nf3 Nc6 3. Bb5 a6 4. Ba4 Nf6 5. O-O Be7 6. Re1 b5 7. Bb3 d6 8. a4
Na5 9. Ba2 bxa4 10. d4 exd4 11. e5 dxe5 12. Nxe5 Be6 13. Bxe6 fxe6 14. Rxa4 Nb7
15. Rxd4 Nd6 16. Qf3 O-O 17. Qb3 Qe8 18. Qxe6+ Nf7 19. Nxf7 Rxf7 20. Qc4 Qf8 21.
Bg5 Kh8 22. Nd2 Rb8 23. Nf3 Rb4 24. Qc6 Rb6 25. Qa4 Ng8 26. Bxe7 Rxe7 27. Rxe7
Qxe7 28. b3 Nf6 29. h3 h6 30. Qa1 Rc6 31. Ne5 Qxe5 32. Rd8+ Qe8 33. Rxe8+ Nxe8
34. Qe5 Nf6 35. c4 Rd6 36. g4 Kh7 37. h4 Nd7 38. Qe4+ Kg8 39. Qb7 c5 40. Kg2 Kf8
41. b4 cxb4 42. Qxb4 Ke7 43. c5 Rc6 44. Qe4+ Re6 45. Qb7 1-0

[Event "Najdorf Mem Open A 2014"]
[Site "Warsaw POL"]
[Date "2014.07.15"]
[Round "2.33"]
[White "Schroeder, Jan-Christian"]
[Black "Gasik, Anna"]
[Result "1-0"]
[WhiteTitle "FM"]
[BlackTitle "WIM"]
[WhiteElo "2370"]
[BlackElo "2261"]
[WhiteFideId "24662259"]
[BlackFideId "1121952"]
[EventDate "2014.07.14"]

1. e4 c5 2. Nf3 e6 3. d4 cxd4 4. Nxd4 a6 5. Nc3 b5 6. Bd3 Qb6 7. Nf3 Bb7 8. O-O
Qc7 9. Re1 Be7 10. Qe2 Nc6 11. Bd2 d6 12. a4 b4 13. Na2 Nf6 14. Nxb4 d5 15. Nxc6
dxe4 16. Bxe4 Nxe4 17. Nxe7 Qxe7 18. Be3 O-O 19. a5 Rfc8 20. Red1 Qc7 21. c3 Bd5
22. Nd4 Qb7 23. Ra4 Nd6 24. Bf4 Nb5 25. f3 Nxd4 26. Rdxd4 Qb5 27. Qxb5 axb5 28.
Ra3 Ra6 29. Rb4 Bc4 30. b3 Bd3 31. Rd4 Bc2 32. Rd2 Bg6 33. Rd6 Rca8 34. Rxa6
Rxa6 35. c4 bxc4 36. b4 1-0

[Event "Najdorf Mem Open A 2014"]
[Site "Warsaw POL"]
[Date "2014.07.15"]
[Round "2.34"]
[White "Lewicki, Miroslaw"]
[Black "Przedmojski, Rafal"]
[Result "1/2-1/2"]
[WhiteTitle "CM"]
[WhiteElo "2242"]
[BlackElo "2367"]
[WhiteFideId "1113380"]
[BlackFideId "1102451"]
[EventDate "2014.07.14"]

1. e4 c6 2. d4 d5 3. e5 Bf5 4. Ne2 e6 5. Ng3 Bg6 6. h4 h6 7. h5 Bh7 8. Bd3 Bxd3
9. Qxd3 Qa5+ 10. c3 Qa6 11. Qf3 c5 12. dxc5 Nd7 13. b4 Nxe5 14. Qe2 Qxe2+ 15.
Kxe2 b6 16. Bf4 Nc4 17. cxb6 axb6 18. Nd2 Na3 19. Kd3 Ne7 20. Nb1 b5 21. Nxa3
Rxa3 22. Kc2 Nc6 23. Kb2 Ra4 24. Kb3 Be7 25. Ne2 Kd7 26. a3 Rha8 27. Rhd1 Bf6
28. Bc1 Nxb4 29. Nd4 Bxd4 30. Rxd4 Nc6 31. Rf4 Na5+ 32. Kc2 Rxf4 33. Bxf4 Nc4
34. Kb3 Ra4 35. g3 e5 36. Bc1 Ke6 37. Ra2 e4 38. Re2 Ne5 39. Be3 Nd3 40. Rd2 Ne5
41. Bc5 Nc4 42. Rd1 g6 43. Rh1 Na5+ 44. Kc2 Rc4 45. hxg6 fxg6 46. Bb6 Nc6 47.
Rxh6 Kf5 48. Kb3 d4 49. cxd4 Nxd4+ 50. Bxd4 Rxd4 51. Rh8 Kg4 52. Rf8 g5 53. Kc3
Rd3+ 54. Kb4 e3 55. fxe3 Rxe3 56. Rb8 Kxg3 57. Rxb5 g4 58. Rg5 Kf4 59. Rg8 g3
60. a4 Re4+ 61. Kb5 Re5+ 62. Kb6 Rg5 63. Rf8+ Ke3 64. Rf1 g2 65. Rg1 Kf2 1/2-1/2

[Event "Najdorf Mem Open A 2014"]
[Site "Warsaw POL"]
[Date "2014.07.15"]
[Round "2.35"]
[White "Wiewiora, Eneasz"]
[Black "Kukawski, Maciej"]
[Result "1-0"]
[WhiteElo "2218"]
[BlackElo "2346"]
[WhiteFideId "1140396"]
[BlackFideId "1124579"]
[EventDate "2014.07.14"]

1. e4 e6 2. d3 d5 3. Nd2 c5 4. Ngf3 Nc6 5. g3 Bd6 6. Bg2 Nge7 7. O-O O-O 8. Re1
f6 9. a3 a5 10. exd5 exd5 11. c4 Kh8 12. Nh4 Ne5 13. cxd5 Nxd3 14. Rf1 Nxc1 15.
Rxc1 Nf5 16. Nhf3 b6 17. Re1 Bb7 18. Nc4 Bc7 19. Qc2 Qd7 20. Rcd1 Rad8 21. Bh3
Nd4 22. Rxd4 Qxh3 23. Rh4 Qxh4 24. Nxh4 Bxd5 25. Ne3 Bb7 26. Rd1 Be5 27. Rxd8
Rxd8 28. Nc4 Bd4 29. Nf5 Re8 30. Nfe3 Be4 31. Qa4 Rd8 32. Nd6 Bg6 33. Qc6 h5 34.
Qc7 Rf8 35. Nef5 1-0

[Event "Najdorf Mem Open A 2014"]
[Site "Warsaw POL"]
[Date "2014.07.15"]
[Round "2.36"]
[White "Barle, Janez"]
[Black "Plichta, Kamil"]
[Result "1-0"]
[WhiteTitle "IM"]
[WhiteElo "2345"]
[BlackElo "2247"]
[WhiteFideId "14600021"]
[BlackFideId "1141830"]
[EventDate "2014.07.14"]

1. e4 c5 2. Nf3 g6 3. d4 Bg7 4. dxc5 Qa5+ 5. c3 Qxc5 6. Na3 Nf6 7. Nb5 b6 8. Bd3
O-O 9. O-O Bb7 10. Be3 Qc8 11. e5 Nd5 12. Bd2 Nc6 13. Re1 Nc7 14. Nbd4 Ne6 15.
Rc1 Qb8 16. Nxe6 dxe6 17. Bf4 Qc7 18. Qe2 Rad8 19. h4 Rd7 20. h5 Rfd8 21. Bb1
Na5 22. hxg6 hxg6 23. Ng5 Nc4 24. Qg4 Rd3 25. Bxd3 Rxd3 26. Qe2 Rd5 27. Nf3 b5
28. b3 Nb6 29. Be3 Qc6 30. Bd4 Nd7 31. Qe4 Qa6 32. Qh4 Kf8 33. Rc2 Qc6 34. Qg3
Nb6 35. Rce2 Rd7 36. Ng5 Bh6 37. Qh3 Kg8 38. Ne4 Bg7 39. f3 Nd5 40. Qh4 a6 41.
g3 b4 42. Rh2 bxc3 43. Rc1 Kf8 44. Kf2 f6 45. Rch1 g5 46. Qh5 Nf4 47. gxf4 Rxd4
48. Qg6 Rd2+ 49. Nxd2 Qc5+ 50. Kg2 1-0

[Event "Najdorf Mem Open A 2014"]
[Site "Warsaw POL"]
[Date "2014.07.15"]
[Round "2.37"]
[White "Nguyen, Piotr"]
[Black "Polok, Kacper"]
[Result "1/2-1/2"]
[WhiteElo "2339"]
[BlackElo "2215"]
[WhiteFideId "1127993"]
[BlackFideId "1137158"]
[EventDate "2014.07.14"]

1. Nf3 f5 2. e4 fxe4 3. Ng5 e6 4. d3 Be7 5. h4 e3 6. Bxe3 Nf6 7. d4 d5 8. Nd2 c5
9. Ndf3 h6 10. Nh3 Nc6 11. Nf4 cxd4 12. Nxd4 Nxd4 13. Bxd4 O-O 14. Ng6 e5 15.
Bxe5 Re8 16. f4 Bc5 17. Bd3 Qb6 18. Be2 Bf2+ 19. Kf1 Rxe5 20. Nxe5 Bg3 21. Nd3
Bf5 22. Rh3 Ne4 23. Bg4 Bxg4 24. Qxg4 Re8 25. Rd1 Qe3 26. Qe2 Qxe2+ 27. Kxe2
Ng5+ 28. Kd2 Nxh3 29. gxh3 Re4 30. Rf1 Bxh4 31. c3 Kf7 32. Nc5 Re7 33. Kd3 b6
34. Nb3 Bf6 1/2-1/2

[Event "Najdorf Mem Open A 2014"]
[Site "Warsaw POL"]
[Date "2014.07.15"]
[Round "2.38"]
[White "Teglas, Balazs"]
[Black "Loos, Roland"]
[Result "0-1"]
[WhiteElo "2213"]
[BlackElo "2335"]
[WhiteFideId "727130"]
[BlackFideId "4643232"]
[EventDate "2014.07.14"]

1. Nf3 Nf6 2. d4 e6 3. Bf4 c5 4. e3 b6 5. Nc3 d5 6. Nb5 Na6 7. Ne5 Bb7 8. c3 Be7
9. Nd6+ Bxd6 10. Bxa6 Bxa6 11. Qa4+ Nd7 12. Qxa6 Bxe5 13. dxe5 c4 14. Qa3 Qc7
15. O-O Nxe5 16. Rad1 f6 17. e4 Rd8 18. exd5 exd5 19. Rfe1 Kf7 20. Re3 Rhe8 21.
Rde1 Re7 22. Qa4 Kg8 23. Qd1 Qd6 24. Qd4 Rde8 25. Rd1 Qc6 26. Bxe5 Rxe5 27. Rxe5
Rxe5 28. f4 Re2 29. Qxd5+ Qxd5 30. Rxd5 Rxb2 31. Rd8+ Kf7 32. Rd7+ Kg6 33. Rxa7
b5 34. h3 Kf5 35. Rb7 Ke4 36. a4 b4 37. cxb4 c3 38. Rc7 Kd3 39. b5 Rb1+ 40. Kf2
c2 0-1

[Event "Najdorf Mem Open A 2014"]
[Site "Warsaw POL"]
[Date "2014.07.15"]
[Round "2.39"]
[White "Cabezas Ayala, Ivan"]
[Black "Cajbel, Maciej"]
[Result "1/2-1/2"]
[WhiteTitle "FM"]
[WhiteElo "2333"]
[BlackElo "2206"]
[WhiteFideId "2207710"]
[BlackFideId "1123475"]
[EventDate "2014.07.14"]

1. e4 c5 2. Nf3 Nc6 3. Nc3 g6 4. d4 cxd4 5. Nxd4 Bg7 6. Be3 Nf6 7. Bc4 O-O 8.
Bb3 Qa5 9. O-O d6 10. h3 Bd7 11. Re1 Rac8 12. Qe2 Nh5 13. Rad1 Nxd4 14. Bxd4
Bxd4 15. Rxd4 Qg5 16. Qf3 Bc6 17. Red1 Kg7 18. Nd5 f5 19. exf5 Rxf5 20. Qg4 Bxd5
21. Qxg5 Rxg5 22. Rxd5 Rxd5 23. Rxd5 Nf6 24. Rd4 d5 25. f4 e6 26. g3 Ne4 27. Kg2
Nc5 28. c3 Nxb3 29. axb3 b5 30. b4 Rc6 31. Kf3 Kf6 32. Ke3 h5 33. Rd1 Rc4 34.
Ra1 d4+ 35. cxd4 Rxb4 36. Rxa7 Rb3+ 37. Ke4 Rxg3 38. Ra6 Kf7 39. Ra7+ Kf6 40.
Ra6 Kf7 41. Ra7+ 1/2-1/2

[Event "Najdorf Mem Open A 2014"]
[Site "Warsaw POL"]
[Date "2014.07.15"]
[Round "2.40"]
[White "Lewtak, Damian"]
[Black "Goslawski, Michal"]
[Result "1-0"]
[WhiteElo "2331"]
[BlackElo "2156"]
[WhiteFideId "1141724"]
[BlackFideId "1171259"]
[EventDate "2014.07.14"]

1. Nf3 Nf6 2. g3 d5 3. Bg2 c5 4. O-O Nc6 5. d4 e6 6. c4 dxc4 7. Qa4 Bd7 8. Qxc4
b5 9. Qd3 Rc8 10. dxc5 Bxc5 11. Nc3 b4 12. Na4 Be7 13. b3 O-O 14. Bb2 Na5 15.
Rac1 Bxa4 16. Rxc8 Qxc8 17. bxa4 Qc4 18. Qxc4 Nxc4 19. Bd4 Nd5 20. Rc1 Rc8 21.
e4 Nc3 22. Bxc3 bxc3 23. Rxc3 Bb4 24. Rc2 a5 25. Ne5 Nb6 26. Nc6 Ba3 27. Bf1 Kf8
28. Bb5 Ra8 29. Kg2 Nc8 30. Nxa5 Nb6 31. Nc4 Nxc4 32. Rxc4 Ra7 33. f4 Ke7 34.
Kf3 Bd6 35. e5 Bc7 36. h4 h5 37. Ke4 f5+ 38. exf6+ gxf6 39. Rc6 f5+ 40. Ke3 Bd6
41. Rc8 Kf6 42. Kf3 Bb4 43. Rh8 Rc7 44. Rh6+ 1-0

[Event "Najdorf Mem Open A 2014"]
[Site "Warsaw POL"]
[Date "2014.07.15"]
[Round "2.41"]
[White "Warakomska, Anna"]
[Black "Stoma, Pawel"]
[Result "0-1"]
[WhiteTitle "WFM"]
[WhiteElo "2158"]
[BlackElo "2326"]
[WhiteFideId "1130790"]
[BlackFideId "1113569"]
[EventDate "2014.07.14"]

1. e4 c6 2. Nc3 d5 3. Nf3 Bg4 4. h3 Bxf3 5. Qxf3 e6 6. d3 Nf6 7. Bd2 Bb4 8. g4
d4 9. Nb1 Qb6 10. g5 Nfd7 11. c3 Bc5 12. Bc1 O-O 13. Nd2 f5 14. Nc4 Qc7 15. cxd4
Bxd4 16. Be3 Ne5 17. Nxe5 Qa5+ 18. Bd2 Qxe5 19. Qg3 Qb5 20. Bg2 Qxb2 21. Rd1 Be5
22. Qh4 f4 23. Qg4 Qxa2 24. O-O c5 25. d4 cxd4 26. Ra1 Qxd2 27. Qxe6+ Kh8 28.
Qxe5 Nc6 29. Qc5 f3 30. Bh1 Qf4 0-1

[Event "Najdorf Mem Open A 2014"]
[Site "Warsaw POL"]
[Date "2014.07.15"]
[Round "2.42"]
[White "Przybylski, Wojciech"]
[Black "Nowak, Lukasz2"]
[Result "1-0"]
[WhiteTitle "FM"]
[WhiteElo "2313"]
[BlackElo "2110"]
[WhiteFideId "1117599"]
[BlackFideId "1166760"]
[EventDate "2014.07.14"]

1. e4 c5 2. Ne2 d6 3. g3 g6 4. Bg2 Bg7 5. c3 Nc6 6. d4 cxd4 7. cxd4 e5 8. Be3
Nf6 9. h3 d5 10. Nbc3 Be6 11. dxe5 Nxe4 12. f4 f6 13. exf6 Nxf6 14. Nd4 Bf7 15.
Nxc6 bxc6 16. Bc5 Be6 17. Qa4 Qc8 18. O-O-O Kf7 19. g4 Re8 20. Rhf1 Kg8 21. Qc2
Ne4 22. Bxe4 dxe4 23. Nxe4 Bxa2 24. Nd6 Qa6 25. Nxe8 Rxe8 26. Rfe1 Rb8 27. Ba3
Bb3 28. Qd3 Qa4 29. Re4 Qa5 30. Qd2 Qa6 31. Qd8+ Rxd8 32. Rxd8+ Kf7 33. Rd7+ Kf6
34. Be7+ Kf7 35. Bb4+ 1-0

[Event "Najdorf Mem Open A 2014"]
[Site "Warsaw POL"]
[Date "2014.07.15"]
[Round "3.1"]
[White "Kempinski, Robert"]
[Black "Areshchenko, Alexander"]
[Result "1/2-1/2"]
[WhiteTitle "GM"]
[BlackTitle "GM"]
[WhiteElo "2597"]
[BlackElo "2701"]
[WhiteFideId "1105663"]
[BlackFideId "14109530"]
[EventDate "2014.07.14"]

1. c4 g6 2. Nf3 Bg7 3. e4 e5 4. d4 exd4 5. Nxd4 Nc6 6. Nxc6 bxc6 7. Be2 d6 8.
O-O Nf6 9. Nc3 O-O 10. Bf4 Qe7 11. Bf3 Nd7 12. Qd2 Ne5 13. Be2 Be6 14. b3 c5 15.
Nd5 Qd7 16. Bh6 1/2-1/2

[Event "Najdorf Mem Open A 2014"]
[Site "Warsaw POL"]
[Date "2014.07.15"]
[Round "3.2"]
[White "Cheparinov, Ivan"]
[Black "Vovk, Yuri"]
[Result "1-0"]
[WhiteTitle "GM"]
[BlackTitle "GM"]
[WhiteElo "2690"]
[BlackElo "2591"]
[WhiteFideId "2905540"]
[BlackFideId "14113171"]
[EventDate "2014.07.14"]

1. Nf3 Nf6 2. c4 g6 3. Nc3 Bg7 4. e4 d6 5. d4 O-O 6. h3 e5 7. d5 Nh5 8. g3 f5 9.
exf5 gxf5 10. Nh4 Nf4 11. gxf4 Qxh4 12. Rg1 Nd7 13. Nb5 exf4 14. Nxc7 Nc5 15.
Rxg7+ Kxg7 16. Qd4+ Kg8 17. Kd1 Rb8 18. b4 Ne4 19. Bb2 Nf6 20. Nb5 Bd7 21. Nxd6
Ba4+ 22. Kd2 Rbd8 23. Nxf5 Qg5 24. Bd3 Bd7 25. h4 Qg2 26. Ne7+ Kg7 27. Qxf4 1-0

[Event "Najdorf Mem Open A 2014"]
[Site "Warsaw POL"]
[Date "2014.07.15"]
[Round "3.3"]
[White "Sandipan, Chanda"]
[Black "Fedoseev, Vladimir3"]
[Result "1/2-1/2"]
[WhiteTitle "GM"]
[BlackTitle "GM"]
[WhiteElo "2597"]
[BlackElo "2668"]
[WhiteFideId "5004225"]
[BlackFideId "24130737"]
[EventDate "2014.07.14"]

1. d4 Nf6 2. Nf3 e6 3. Bf4 b6 4. e3 Bb7 5. Bd3 Be7 6. h3 c5 7. Nbd2 O-O 8. O-O
d5 9. c3 Ne4 10. Qe2 Nxd2 11. Nxd2 Bd6 12. Nf3 Nc6 13. Bxd6 Qxd6 14. dxc5 bxc5
15. e4 c4 16. Bc2 Ne5 17. Nxe5 Qxe5 18. Rfe1 Rab8 1/2-1/2

[Event "Najdorf Mem Open A 2014"]
[Site "Warsaw POL"]
[Date "2014.07.15"]
[Round "3.4"]
[White "Durarbayli, Vasif"]
[Black "Petrosian, Tigran L."]
[Result "1/2-1/2"]
[WhiteTitle "GM"]
[BlackTitle "GM"]
[WhiteElo "2590"]
[BlackElo "2629"]
[WhiteFideId "13402935"]
[BlackFideId "13301616"]
[EventDate "2014.07.14"]

1. e4 d6 2. d4 g6 3. Nc3 Bg7 4. Nge2 Nf6 5. g3 O-O 6. Bg2 e5 7. O-O Nc6 8. dxe5
dxe5 9. Bg5 Bg4 10. Qc1 Qc8 11. Re1 Re8 12. Nd5 Nd7 13. c3 f6 14. Be3 Nd8 15. h3
Be6 16. Kh2 c6 17. Nb4 Nf7 18. Nd3 Qc7 19. Qc2 Bh6 20. Bxh6 Nxh6 21. b3 Kg7 22.
Rad1 Rad8 23. Rd2 Nf7 24. Red1 b6 25. f4 Nf8 26. fxe5 fxe5 27. Ng1 Bc8 28. Nf3
Ne6 29. h4 Nf8 30. Nf2 Rxd2 31. Rxd2 Rd8 32. Bh3 Bxh3 33. Kxh3 Rxd2 34. Qxd2 Nd7
35. Ng4 Nc5 36. Kg2 h5 37. Nf2 Qe7 38. Nd3 Nxd3 39. Qxd3 Kf6 40. Qf1 1/2-1/2

[Event "Najdorf Mem Open A 2014"]
[Site "Warsaw POL"]
[Date "2014.07.15"]
[Round "3.5"]
[White "Melkumyan, Hrant"]
[Black "Krysztofiak, Marcin"]
[Result "1-0"]
[WhiteTitle "GM"]
[BlackTitle "IM"]
[WhiteElo "2647"]
[BlackElo "2423"]
[WhiteFideId "13302485"]
[BlackFideId "1114751"]
[EventDate "2014.07.14"]

1. d4 Nf6 2. c4 e6 3. Nc3 Bb4 4. Nf3 O-O 5. e3 d5 6. Bd3 c5 7. O-O dxc4 8. Bxc4
cxd4 9. exd4 b6 10. Bg5 Bb7 11. Re1 Nc6 12. a3 Be7 13. Qd3 h6 14. Bh4 Nh5 15.
Bg3 Nxg3 16. hxg3 Bf6 17. Rad1 Ne7 18. Ba2 g6 19. Ne5 Bxe5 20. Rxe5 Qd6 21. Rde1
Rad8 22. Rxe6 fxe6 23. Rxe6 Qxe6 24. Bxe6+ Kh7 25. Qc4 Bc6 26. d5 Bd7 27. Qc7
Bxe6 28. Qxe7+ Bf7 29. Ne4 a5 30. d6 1-0